Bench making of rural local-self government in India : (Record no. 147340)

MARC details
000 -LEADER
fixed length control field 00757nam a22002057a 4500
005 - DATE AND TIME OF LATEST TRANSACTION
control field 20171113141601.0
010 ## - LCCN (DPL NO)
LC control number ENG-121315
020 ## - INTERNATIONAL STANDARD BOOK NUMBER
International Standard Book Number 9788185835756
Terms of availability 500.00
035 ## - SYSTEM CONTROL NUMBER
System control number EN-104847
037 ## - SOURCE OF ACQUISITION
Source of stock number/acquisition DBAD/PUB
082 ## - DEWEY DECIMAL CLASSIFICATION NUMBER
Classification number 307.14120954
100 ## - MAIN ENTRY--PERSONAL NAME
Personal name Sukhvinder Singh
245 ## - TITLE STATEMENT
Title Bench making of rural local-self government in India :
Statement of responsibility, etc by Sukhvinder Singh [and] Haqiqat Singh
Remainder of title some ground realities at grassroots level /
260 ## - PUBLICATION, DISTRIBUTION, ETC. (IMPRINT)
Place of publication, distribution, etc Chandigarh
Name of publisher, distributor, etc Centre for Research in Rural and Industrial Development
Date of publication, distribution, etc 2015
270 ## - ADDRESS
Address Sector 19-A, Madhya Marg,
City Chandigarh
Postal code 160019
300 ## - PHYSICAL DESCRIPTION
Extent xiv, 240 p. :
Dimensions 24 cm (Hb)
Other physical details ill.
500 ## - GENERAL NOTE
General note Includes bibliographical
700 ## - ADDED ENTRY--PERSONAL NAME
Personal name Haqiqat Singh
942 ## - ADDED ENTRY ELEMENTS (KOHA)
Source of classification or shelving scheme Dewey Decimal Classification
Item type English Books
Classification part 307.14120954
Call number suffix SUK
Holdings
Withdrawn status Lost status Not for loan Collection code Home library Current library Date acquired Source of acquisition Cost, normal purchase price Full call number Barcode Copy number Cost, replacement price Koha item type
    Not For Loan Non-fiction D.B.Act.Division Bawana 13/11/2017 DBAD/PUB 500.00 307.14120954 SUK EN-104847 1 500.00 English Books

© Delhi Public Library
Hit Counter
free hit counter